| 000 | 01095nam a2200265 a 4500 | ||
|---|---|---|---|
| 001 | 547 | ||
| 003 | BD-RjUL | ||
| 005 | 20211208233210.0 | ||
| 008 | 131129s1957 xx 000 0 eng d | ||
| 035 | _a(BD-RjUL)564 | ||
| 035 | _a(OCoLC)582654 | ||
| 040 |
_aDLC _cODaWU _dOCoLC _dOAk _dDLC _dBD-RjUL _beng |
||
| 041 | _aeng | ||
| 082 | 0 | 4 |
_220 _a025.3 _bTOW 1965 |
| 245 | 0 | 0 |
_aToward a better cataloging code : _bPapers presented before the twenty-first annual conference of the Graduate Library School of the University of Chicago, June 1956 / _ced. by Ruth French Strout. |
| 260 |
_aChicago : _bUniversity of Chicago, Graduate Library School, _cc1957[impression 1965]. |
||
| 300 |
_a116 p. ; _c24 cm. |
||
| 410 | 2 | 0 |
_aChicago (Ill.). _bUniversity. _bGraduate Library School. _bConference. _tPapers presented before the annual conference. _v21st, 1956 |
| 410 | 2 | 0 |
_aUniversity of Chicago _tThe University of Chicago studies in library science |
| 650 | 0 |
_aCataloging _vCongresses. _91680 |
|
| 700 | 1 |
_aStrout, Ruth French. _91681 |
|
| 942 |
_2ddc _cBK |
||
| 999 |
_c547 _d547 |
||